000 00774nam a2200205Ii 4500
003 JO-AjNU
008 230605s9999||||xx |||||||||||||| ||und||
040 _aJO-AjNU
_bara
_erda
_cJO-AjNU
041 _aara
050 1 4 _aPJ7510.S4 1964
100 3 _aبقلم الشاروني، يوسف؛ إشراف الادارة العامة للثقافة بوزارة التعليم العالي,
_eauthor
_917980
245 0 0 _aدراسات أدبية
264 3 1 _aالقاهرة: مكتبة النهضة المصرية، 1964
300 _a257ص
336 _atext
_btxt
_2rdacontent
337 _aunmediated
_bn
_2rdamedia
338 _avolume
_bnc
_2rdacarrier
490 0 _aسلسلة الالف كتاب؛ 502
650 4 _aدراسات أدبية - قضايا أدبية
_917981
999 _aA5665
_c9233
_d9233